Behind the myth : (Record no. 12817)
[ view plain ]
| 000 -BAŞLIK | |
|---|---|
| Sabit Uzunlukta Kontrol Alanı | 00881nam a22002537a 4500 |
| 999 ## - SİSTEM KONTROL NUMARALARI (KOHA) | |
| Koha Biblionumber | 12817 |
| Koha Biblioitemnumber | 12817 |
| 003 - KONTROL NUMARASI IDENTIFIER | |
| Denetim Alanı | MIRAKIL |
| 005 - SON İŞLEM TARİHİ VE ZAMANI | |
| Denetim Alanı | 20190226164447.0 |
| 008 - SABİT-BOY VERİ ELEMANLARI - GENEL BİLGİLER | |
| Sabit Uzunlukta Kontrol Alanı | 190226b tu ||||| |||| 00| 0 tur d |
| 040 ## - KATALOGLAMA KAYNAK | |
| Orijinal Kataloglama Ajansı | TR-AnCHP |
| Metne Dönüştürmek Ajansı | TR-AnCHP |
| 041 ## - DİL KODU | |
| Metin / Ses Parça Veya Ayrı Başlığın Dil Kodu | eng |
| 082 ## - DEWEY ONLU SINIFLANDIRMA NUMARASI | |
| Sınıflandırma Numarası | 322.42092 |
| Ürün Numarası | G68b 1990 |
| 100 ## - ANA GİRİŞ - KİŞİSEL İSİM | |
| Kişisel Ad | Gowers, Andrew |
| 245 10 - BAŞLIK TABLOSU | |
| Başlık | Behind the myth : |
| Başlığın Kalan | Yasser Arafat and the Palestinian revolution/ |
| Sorumluluk Tablosu, Vb | Andrew Gowers , Tony Walker. |
| 246 ## - UNVAN FORM VARYING | |
| Başlık Doğru / Kısa Başlığı | Yasser Arafat and the Palestinian revolution |
| 260 ## - YAYIN, DAĞITIM, VB | |
| Yayın, Dağıtım, Vb Yeri | Londra: |
| Yayıncı, Dağıtıcı, Vs Adı | W.H. Allen, |
| Yayın, Dağıtım, Vb Tarihi | 1990. |
| 300 ## - FİZİKSEL TANIM | |
| Kapsam | xxv, 356 s.: |
| Diğer Fiziksel Ayrıntıları | hrt.; fotğ., |
| Boyutlar | 24 sm. |
| 504 ## - KAYNAKÇA VB NOT | |
| Kaynakça Vb Notu | Kaynakça ve dizin vardır. |
| 600 #0 - KONU KATMA GİRİŞ - KURUMSAL ADI | |
| 9 (RLIN) | 5261 |
| Kişisel Ad | Arafat, Yaser |
| Başlıklar Ve Bir Adla İlişkili Diğer Kelimeler | Filistin Kurtuluş Örgütü Lideri |
| Bir Adıyla İlişkilendirilen Tarihler | 1929-2004 |
| 650 #0 - KONU KATMA GİRİŞ - TOPİKAL DÖNEM | |
| 9 (RLIN) | 5263 |
| Topikal Süreli Veya Coğrafi Ad Giriş Elemanı | Filistin devrimi |
| 650 #0 - KONU KATMA GİRİŞ - TOPİKAL DÖNEM | |
| 9 (RLIN) | 5264 |
| Topikal Süreli Veya Coğrafi Ad Giriş Elemanı | Palestinian revolution |
| 700 ## - KATMA GİRİŞ - KİŞİSEL İSİM | |
| 9 (RLIN) | 5265 |
| Kişisel Ad | Walker, Tony |
| 740 ## - KATMA GİRİŞ - KONTROLSUZ İLGİLİ / ANALİTİK BAŞLIK | |
| Kontrol Edilmeyen / İlgili Analitik Başlıktaki | Yasser Arafat and the Palestinian revolution |
| 942 ## - EKLENDİ GİRİŞ ELEMANLARI (KOHA) | |
| Sınıflandırma Veya Raf Düzeni Kaynak | Dewey Decimal Classification |
| Koha Öğesi Türü | Books |
| Kalıcı Konum | Mevcut Konum | Edinme Tarihi | Edinim Kaynak | Toplam Check-Out'Lar | Tam Çağrı Numarası | Barkod | Tarih Son Görülme | İtibaren Geçerli Fiyatlar | Sigara Kamu Notu | Koha Öğesi Türü |
|---|---|---|---|---|---|---|---|---|---|---|
| CHP Kütüphanesi | CHP Kütüphanesi | 02/26/2019 | Bağış | 322.42092 G68b 1990 | 018906 | 02/26/2019 | 02/26/2019 | Ertuğrul Çepni bağışıdır. | Books |
